[Event "Santiago Endesa op 1st"]
[Site "Santiago de Chile"]
[Date "2009.05.12"]
[Round "7"]
[White "Vargas Maliqueo, Ivan Patricio"]
[Black "Valenzuela Torres, Eugenio"]
[Result "1-0"]
[WhiteElo "2243"]
[BlackElo "1902"]
[PlyCount "61"]
[EventDate "2009.04.21"]
[EventType "swiss"]
[EventRounds "9"]
[EventCountry "CHI"]
[SourceTitle "EXT 2012"]
[Source "ChessBase"]
[SourceDate "2011.11.24"]
[SourceVersion "1"]
[SourceVersionDate "2011.11.24"]
[SourceQuality "1"]

1. Nf3 b6 2. e3 Bb7 3. d4 Nf6 4. Bd3 e6 5. Nbd2 Be7 6. c4 0-0 7. Qc2 d5 8. 0-0 dxc4 9. Nxc4 Bxf3 10. gxf3 Qd5 11. Ne5 Bd6 12. Bc4 Qb7 13. e4 Bxe5 14. dxe5 Nfd7 15. f4 Nc6 16. Be3 Nb4 17. Qc3 c5 18. Rfd1 Rfd8 19. a3 Nc6 20. Rd6 Ne7 21. Rad1 Nc8 22. R6d3 b5 23. Qa5 Ncb6 24. Bxb5 Qxe4 25. Bxd7 Rxd7 26. Rxd7 Nxd7 27. Rxd7 Qb1+ 28. Kg2 Qg6+ 29. Kf1 Qb1+ 30. Ke2 Qc2+ 31. Qd2 1-0

[Event "Santiago Endesa 15"]
[Site "Santiago de Chile"]
[Date "2008.09.05"]
[Round "9"]
[White "Valenzuela Torres, Eugenio"]
[Black "Ulloa Bustos, Juan"]
[Result "0-1"]
[WhiteElo "1937"]
[BlackElo "2118"]
[PlyCount "54"]
[EventDate "2008.08.18"]
[EventType "tourn"]
[EventRounds "11"]
[EventCountry "CHI"]
[SourceTitle "EXT 2012"]
[Source "ChessBase"]
[SourceDate "2011.11.24"]
[SourceVersion "1"]
[SourceVersionDate "2011.11.24"]
[SourceQuality "1"]

1. e4 Nf6 2. e5 Nd5 3. d4 d6 4. Nf3 Bg4 5. Be2 e6 6. 0-0 Be7 7. c4 Nb6 8. Nbd2 Nc6 9. b3 dxe5 10. dxe5 Qd7 11. Bb2 Rd8 12. h3 Bf5 13. Qc1 Bd3 14. Bxd3 Qxd3 15. Rd1 0-0 16. Nf1 Qg6 17. Rxd8 Rxd8 18. Ne3 Nb4 19. Bd4 Qe4 20. c5 N6d5 21. Nxd5 Rxd5 22. Qc3 Nc2 23. Rd1 Nxd4 24. Rxd4 Rxd4 25. Nxd4 Qxe5 26. c6 bxc6 27. f4 Qc5 0-1

[Event "Santiago Endesa 15"]
[Site "Santiago de Chile"]
[Date "2008.09.01"]
[Round "7"]
[White "Valenzuela Torres, Eugenio"]
[Black "Ferreira Millavud, Marcelo"]
[Result "0-1"]
[WhiteElo "1937"]
[BlackElo "1851"]
[PlyCount "96"]
[EventDate "2008.08.18"]
[EventType "tourn"]
[EventRounds "11"]
[EventCountry "CHI"]
[SourceTitle "EXT 2012"]
[Source "ChessBase"]
[SourceDate "2011.11.24"]
[SourceVersion "1"]
[SourceVersionDate "2011.11.24"]
[SourceQuality "1"]

1. Nf3 d5 2. g3 c5 3. Bg2 Nc6 4. 0-0 Nf6 5. e3 e5 6. d3 Bf5 7. Nbd2 Be7 8. Nh4 Bg4 9. f3 Bh5 10. Nf5 Kf8 11. b3 Bg6 12. Nxe7 Kxe7 13. e4 h5 14. Bb2 h4 15. g4 h3 16. Bh1 Qd7 17. Qe2 d4 18. Rf2 Nd8 19. Nf1 Ne6 20. Bc1 Rh4 21. Ng3 Kf8 22. Nf5 Rh7 23. f4 exf4 24. Bxf4 Re8 25. Bg3 Nc7 26. Raf1 Bxf5 27. gxf5 Ncd5 28. e5 Nc3 29. Qf3 Nh5 30. e6 Qe7 31. Qxb7 Nxg3 32. hxg3 Qxb7 33. Bxb7 Re7 34. Bf3 Nxa2 35. Bg4 Nb4 36. Kh2 Nd5 37. Re2 Ne3 38. Rf4 Ke8 39. exf7+ Kxf7 40. Ref2 Ng2 41. f6 Rc7 42. Re4 g6 43. Bxh3 Ne3 44. Rh4 Rxh4 45. gxh4 Rc6 46. Kg3 Rxf6 47. Rxf6+ Kxf6 48. Kf3 Nxc2 0-1

[Event "Santiago Endesa 15"]
[Site "Santiago de Chile"]
[Date "2008.08.29"]
[Round "6"]
[White "Pineda Polanco, Adolfo"]
[Black "Valenzuela Torres, Eugenio"]
[Result "1-0"]
[WhiteElo "2300"]
[BlackElo "1937"]
[PlyCount "59"]
[EventDate "2008.08.18"]
[EventType "tourn"]
[EventRounds "11"]
[EventCountry "CHI"]
[SourceTitle "EXT 2012"]
[Source "ChessBase"]
[SourceDate "2011.11.24"]
[SourceVersion "1"]
[SourceVersionDate "2011.11.24"]
[SourceQuality "1"]

1. e4 e5 2. Nf3 Nc6 3. Bb5 a6 4. Ba4 Nf6 5. 0-0 Be7 6. Re1 b5 7. Bb3 0-0 8. a4 Bb7 9. c3 d6 10. d4 exd4 11. cxd4 Na5 12. Bc2 Nc4 13. b3 Nb6 14. d5 Nbd7 15. axb5 axb5 16. Rxa8 Qxa8 17. Nd4 b4 18. Nf5 Re8 19. Nxe7+ Rxe7 20. f3 Nc5 21. Bg5 Qa1 22. Nd2 Qe5 23. Be3 Ba6 24. f4 Qc3 25. Nb1 Qb2 26. e5 Ng4 27. Bd4 Qa2 28. exd6 Rxe1+ 29. Qxe1 Nf6 30. Qf2 1-0

[Event "Santiago Endesa Interempresas op"]
[Site "Santiago de Chile"]
[Date "2008.07.08"]
[Round "9"]
[White "Valenzuela Torres, Eugenio"]
[Black "Dupret, Xavier"]
[Result "1-0"]
[WhiteElo "1937"]
[BlackElo "1985"]
[PlyCount "137"]
[EventDate "2008.05.13"]
[EventType "swiss"]
[EventRounds "9"]
[EventCountry "CHI"]
[SourceTitle "EXT 2012"]
[Source "ChessBase"]
[SourceDate "2011.11.24"]
[SourceVersion "1"]
[SourceVersionDate "2011.11.24"]
[SourceQuality "1"]

1. c4 e5 2. b3 Nc6 3. Bb2 d6 4. g3 g6 5. Bg2 Bg7 6. e3 Nf6 7. Ne2 0-0 8. Nbc3 Bg4 9. 0-0 Qd7 10. d4 Bh3 11. dxe5 Nxe5 12. Nf4 Bxg2 13. Kxg2 Rfe8 14. f3 Rad8 15. e4 g5 16. Nfd5 Nxd5 17. Nxd5 c6 18. Nc3 g4 19. fxg4 Nxg4 20. Qf3 Ne5 21. Qe2 Re6 22. Nd1 Rh6 23. Nf2 Rg6 24. Rad1 Qe7 25. Bxe5 Bxe5 26. Qe3 c5 27. Nd3 Bd4 28. Qf3 Re8 29. Nf4 Rg7 30. Rde1 Kh8 31. Nd5 Qe5 32. Ne3 Qxe4 33. Qxe4 Rxe4 34. Nf5 Rxe1 35. Rxe1 Rg8 36. Nxd4 cxd4 37. Re4 d3 38. Rd4 Re8 39. Rxd3 Re2+ 40. Kh3 Rxa2 41. Rxd6 Rb2 42. Rd3 Kg7 43. g4 Kf6 44. Kg3 a5 45. h4 Ke6 46. Kf3 Ke5 47. Rd5+ Ke6 48. Rb5 Rh2 49. h5 Rb2 50. Rxb7 a4 51. Rb6+ Ke7 52. b4 a3 53. b5 Rb3+ 54. Ke4 Rb4 55. Ra6 Rxc4+ 56. Kf3 Rc3+ 57. Kf4 Kd7 58. Ra7+ Kd6 59. b6 Rb3 60. Kg5 Kc6 61. b7 Kc7 62. Kh6 Kb8 63. Ra4 Kxb7 64. Kxh7 Kb6 65. Kg7 Rf3 66. h6 Kb5 67. Rxa3 Rxa3 68. h7 Rh3 69. h8Q 1-0

[Event "Santiago Endesa Clasification"]
[Site "Santiago de Chile"]
[Date "2007.09.03"]
[Round "9"]
[White "Von Dessauer Orellana, Daniel J"]
[Black "Valenzuela Torres, Eugenio"]
[Result "1-0"]
[WhiteElo "1995"]
[BlackElo "1928"]
[PlyCount "89"]
[EventDate "2007.08.13"]
[EventType "swiss"]
[EventRounds "9"]
[EventCountry "CHI"]
[SourceTitle "EXT 2008"]
[Source "ChessBase"]
[SourceDate "2007.11.25"]
[SourceVersion "1"]
[SourceVersionDate "2007.11.25"]
[SourceQuality "1"]

1. d4 Nf6 2. Nf3 e6 3. e3 b6 4. Nbd2 Bb7 5. Bd3 c5 6. c3 d5 7. 0-0 Bd6 8. Qe2 0-0 9. dxc5 bxc5 10. e4 Bf4 11. c4 Re8 12. e5 Nfd7 13. Nb3 Bxc1 14. Raxc1 d4 15. Nfd2 Nc6 16. f4 Ne7 17. Ne4 Bxe4 18. Bxe4 Rb8 19. Qh5 Nf8 20. Nxc5 d3 21. Nxd3 Qd4+ 22. Nf2 Rxb2 23. Qd1 Rd2 24. Qa4 Rc8 25. Qb4 Nd5 26. Bxd5 exd5 27. Rcd1 Rxd1 28. Rxd1 Qxc4 29. Qd2 Rd8 30. g3 h6 31. Rc1 Qa6 32. Ng4 Ne6 33. Ne3 d4 34. Nf5 Qb7 35. Nd6 Qf3 36. Rd1 Rb8 37. Rf1 Qe3+ 38. Rf2 Rb1+ 39. Kg2 Re1 40. Kh3 d3 41. Nf5 Qxd2 42. Rxd2 Nc5 43. Kg2 h5 44. Kf3 Rf1+ 45. Ke3 1-0

[Event "Santiago Endesa Clasification"]
[Site "Santiago de Chile"]
[Date "2007.08.13"]
[Round "1"]
[White "Valenzuela Torres, Eugenio"]
[Black "Andueza Quezada, Danilo"]
[Result "1/2-1/2"]
[WhiteElo "1928"]
[BlackElo "2176"]
[PlyCount "53"]
[EventDate "2007.08.13"]
[EventType "swiss"]
[EventRounds "9"]
[EventCountry "CHI"]
[SourceTitle "EXT 2008"]
[Source "ChessBase"]
[SourceDate "2007.11.25"]
[SourceVersion "1"]
[SourceVersionDate "2007.11.25"]
[SourceQuality "1"]

1. e4 e6 2. d4 d5 3. Nc3 Nc6 4. e5 f6 5. Nf3 Bd7 6. Be2 g6 7. 0-0 Bg7 8. Bf4 fxe5 9. Nxe5 Nf6 10. Nxc6 Bxc6 11. Be5 0-0 12. Bf3 Qe7 13. Ne2 Bb5 14. c3 c5 15. Re1 b6 16. Nf4 Rae8 17. a4 Bc6 18. a5 Ne4 19. Nd3 cxd4 20. cxd4 Nf6 21. axb6 axb6 22. Ra6 Qb7 23. Ra3 Ra8 24. Bd6 Rfe8 25. Ne5 Rxa3 26. Bxa3 Nd7 27. Bd6 1/2-1/2

[Event "Santiago Endesa 08"]
[Site "Santiago de Chile"]
[Date "2007.07.??"]
[Round "5"]
[White "Gonzalez Gonzalez, Claudio H"]
[Black "Valenzuela Torres, Eugenio"]
[Result "1/2-1/2"]
[WhiteElo "2035"]
[BlackElo "1928"]
[PlyCount "75"]
[EventDate "2007.07.??"]
[EventType "tourn"]
[EventRounds "11"]
[EventCountry "CHI"]
[SourceTitle "EXT 2008"]
[Source "ChessBase"]
[SourceDate "2007.11.25"]
[SourceVersion "1"]
[SourceVersionDate "2007.11.25"]
[SourceQuality "1"]

1. e4 d6 2. d4 Nf6 3. Nc3 g6 4. Bc4 Bg7 5. Bb3 0-0 6. Bg5 c5 7. Nge2 Qa5 8. Qd2 Nc6 9. d5 Ne5 10. f4 Ned7 11. h3 b5 12. a3 b4 13. Nd1 Nxe4 14. Qd3 Nxg5 15. fxg5 Ba6 16. Qe4 Bxe2 17. Kxe2 Ne5 18. Ne3 Qb5+ 19. Nc4 a5 20. a4 Qb7 21. Rab1 Qc7 22. Rhd1 Rad8 23. Kf1 f5 24. Qe2 f4 25. Nxe5 Bxe5 26. Qxe5 c4 27. Qe6+ Rf7 28. Ba2 Qb6 29. Bxc4 Qe3 30. Rd3 Qc5 31. b3 Kg7 32. h4 Rdf8 33. Re1 f3 34. g3 f2 35. Re2 Qa7 36. Qe3 Qd7 37. Qe6 Qb7 38. Qe3 1/2-1/2

[Event "Santiago Endesa 08"]
[Site "Santiago de Chile"]
[Date "2007.07.??"]
[Round "1"]
[White "Valenzuela Torres, Eugenio"]
[Black "Diaz, Robert"]
[Result "1/2-1/2"]
[WhiteElo "1928"]
[BlackElo "2319"]
[PlyCount "92"]
[EventDate "2007.07.??"]
[EventType "tourn"]
[EventRounds "11"]
[EventCountry "CHI"]
[SourceTitle "EXT 2008"]
[Source "ChessBase"]
[SourceDate "2007.11.25"]
[SourceVersion "1"]
[SourceVersionDate "2007.11.25"]
[SourceQuality "1"]

1. e4 e5 2. Nf3 Nc6 3. Bb5 a6 4. Ba4 Nf6 5. 0-0 Be7 6. Re1 b5 7. Bb3 d6 8. h3 0-0 9. c3 Na5 10. Bc2 c5 11. d4 Qc7 12. Nbd2 cxd4 13. cxd4 Bb7 14. d5 Rac8 15. Bd3 Nd7 16. Nf1 f5 17. Bg5 Nf6 18. Ng3 f4 19. Nf5 Bd8 20. Rc1 Qb6 21. Qd2 b4 22. Qe2 h6 23. Bxf6 Bxf6 24. N3h4 Bxh4 25. Nxh4 Rxc1 26. Rxc1 Rc8 27. Rxc8+ Bxc8 28. Qc2 Bd7 29. Qe2 Bb5 30. Bxb5 axb5 31. b3 Nb7 32. Qg4 Qc7 33. Qe6+ Qf7 34. Qxf7+ Kxf7 35. Nf5 h5 36. g3 g6 37. Nh4 fxg3 38. Nf3 Nc5 39. Ng5+ Kf6 40. h4 Na4 41. bxa4 bxa4 42. Nf3 b3 43. axb3 a3 44. Ne1 Ke7 45. fxg3 Kd7 46. Kf2 Kc7 1/2-1/2

[Event "Santiago Endesa 08"]
[Site "Santiago de Chile"]
[Date "2007.07.??"]
[Round "6"]
[White "Valenzuela Torres, Eugenio"]
[Black "Tapia, Rodrigo"]
[Result "1-0"]
[WhiteElo "1928"]
[BlackElo "2055"]
[PlyCount "69"]
[EventDate "2007.07.??"]
[EventType "tourn"]
[EventRounds "11"]
[EventCountry "CHI"]
[SourceTitle "EXT 2008"]
[Source "ChessBase"]
[SourceDate "2007.11.25"]
[SourceVersion "1"]
[SourceVersionDate "2007.11.25"]
[SourceQuality "1"]

1. d4 d5 2. c4 e6 3. Nc3 c6 4. Nf3 Nf6 5. Bg5 dxc4 6. e4 b5 7. e5 h6 8. Bh4 g5 9. Nxg5 Nd5 10. Nxf7 Qxh4 11. Nxh8 Bb4 12. Qf3 c5 13. dxc5 Nc6 14. 0-0-0 Nxe5 15. Qg3 Qxg3 16. hxg3 Bxc3 17. bxc3 Nxc3 18. Rd2 Ne4 19. Rb2 Bd7 20. Rxh6 Nxc5 21. Kb1 0-0-0 22. Ng6 Nxg6 23. Rxg6 e5 24. Rg5 Na4 25. Rc2 Be8 26. Kc1 e4 27. Re5 Kb7 28. Rd2 Rxd2 29. Kxd2 c3+ 30. Kc1 b4 31. Rxe8 Nc5 32. Kc2 a5 33. g4 a4 34. g5 a3 35. Bc4 1-0